Score 0/102 Timer 10:00
0 Plays Today
Frequency Word % Correct
624e, ex
88.9%
1128a, ab
86.3%
6771-que
71.4%
6412et
68.1%
4853sum
66.5%
591te
62.9%
492tibi
62.9%
382tu
62.9%
626mihi
61.2%
590me
61.2%
354ego
61.2%
3481in
58.2%
935de
56.3%
252quod
54.6%
610se
52.6%
279sibi
52.6%
6553qui, quis
52.5%
1563ad
50.2%
1998is
49.9%
566do
45.2%
825si
44.4%
1567cum
40.5%
1995hic
38.8%
400ne
37.3%
600deus
36%
1827non
34.6%
429unus
33.5%
820per
32.5%
1461ille
30.3%
1450ut
28.7%
341pater
27.6%
277at
27.1%
536dies
26.4%
924sed
26.4%
Frequency Word % Correct
300vir
25.1%
398homo
24.9%
654habeo
24%
578res
23.7%
756meus
23.7%
565atque
23.6%
389ac
23.6%
278bonus
23.1%
494rex
22.8%
768video
22.6%
785facio
21.9%
419magnus
21.9%
529noster
21.5%
625tuus
21.5%
1068dico
21.3%
340dominus
20.8%
876ipse
20.6%
470venio
19.4%
296domus
19.4%
789possum
19.3%
262malus
19%
1111suus
18.9%
244sine
18.1%
308terra
18%
354volo
18%
351sic
17.9%
1056nec
17.7%
291neque
17.7%
287audio
17.4%
544aut
16.8%
333nunc
16.8%
268inter
16.4%
367fero
15.9%
1184omnis
15.9%
Frequency Word % Correct
249ago
15.7%
257amor
15.5%
247dum
15.1%
252iste
14.3%
367tamen
14.3%
282vita
14.2%
282nox
14.2%
536alius
14%
370primus
14%
391tempus
14%
321manus
13.9%
245mors
13.7%
466multus
13.4%
245solus
13.2%
277nam
13%
572iam
13%
266corpus
12.8%
390etiam
12.5%
294vel
12.3%
244annus
12.2%
297idem
11.5%
288totus
11.1%
260nomen
11%
342nullus
10.9%
412autem
10.2%
369enim
10%
361tantus
10%
314animus
9.9%
319modus
9.7%
294quia
9.6%
349locus
9.4%
315vero
8.9%
389quidam
8.5%
284pars
8.5%

You're not logged in!

Compare scores with friends on all Sporcle quizzes.
OR
Log In

Sporcle TV

Today on Sporcle TV


Watch our educational content, quiz creation guides, and fun videos on Sporcle TV.

Show Comments

Extras

Top Quizzes Today


Score Distribution

Your Account Isn't Verified!

In order to create a playlist on Sporcle, you need to verify the email address you used during registration. Go to your Sporcle Settings to finish the process.

Report this User

Report this user for behavior that violates our Community Guidelines.

Details: